Wszystkie powiaty w województwach na M - Statystyki

Ogólne statystyki
  • Ten quiz został rozwiązany 35 razy
  • Średni wynik to 41 z 62
Statystyki odpowiedzi
województwo powiat % Poprawnych
małopolskie Kraków
79%
krakowski
79%
miński
79%
Płock
79%
mazowieckie Warszawa
79%
myślenicki
76%
nowosądecki
76%
ostrołęcki
76%
ostrołęcki
76%
Ostrołęka
76%
płocki
76%
Siedlce
76%
siedlecki
76%
tatrzański
76%
wadowicki
76%
bocheński
72%
limanowski
72%
nowotarski
72%
Nowy Sącz
72%
pruszkowski
72%
Radom
72%
Tarnów
72%
tarnowski
72%
żyrardowski
72%
chrzanowski
69%
legionowski
69%
piaseczyński
69%
radomski
69%
wielicki
69%
gorlicki
66%
grodziski
66%
miechowski
66%
nowodworski
66%
oświęcimski
66%
wołomiński
66%
grójecki
62%
kozienicki
62%
makowski
62%
mławski
62%
proszowicki
62%
przasnyski
62%
warszawski zachodni
62%
zwoleński
62%
gostyniński
59%
olkuski
59%
pułtuski
59%
sochaczewski
59%
suski
59%
brzeski
55%
ciechanowski
55%
dąbrowski
55%
garwoliński
55%
lipski
55%
łosicki
55%
płoński
55%
przysuski
55%
sierpecki
55%
węgrowski
55%
wyszkowski
55%
sokołowski
52%
szydłowiecki
52%
białobrzeski
48%
Nie znaleziono quizów pasujących do podanych kryteriów
Rozkład punktacji
Procent ludzi z każdym wynikiem
Percentyl według liczby udzielonych odpowiedzi
Twoja historia wyników
Nie rozwiązałeś tego quizu